| 000 | 00623nam a2200193 i 4500 | ||
|---|---|---|---|
| 001 | 183067 | ||
| 003 | ES-MaACL | ||
| 005 | 20231030133646.0 | ||
| 008 | 140114s2009 sp |||| | spa d | ||
| 080 | _a821.134.2-14"19" | ||
| 100 | 1 |
_aEscribano Vela, Daniel. _9154181 |
|
| 245 | 1 | 0 |
_aLuz detenida / _cDaniel Escribano Vela. |
| 260 |
_a[Alcázar de San Juan] : _bAteneo de Alcázar de San Juan, _cD.L. 2009. |
||
| 300 |
_a76 p. ; _c21 cm. |
||
| 710 | 2 |
_aAteneo de Alcázar de San Juan. _9154177 |
|
| 852 |
_aES-MaACL _jA-13022 _9190001 _bR.149867 _cDEPO1 _dN-6022 |
||
| 942 |
_2udc _cMONOGRAFIA |
||
| 999 |
_c183067 _d183067 |
||